[Event "Quebec op"]
[Site "Montreal CAN"]
[Date "1998.07.31"]
[Round "8"]
[White "Gottlieb, Jonathan"]
[Black "Gilbert, Erick"]
[Result "1/2-1/2"]
[WhiteElo "1870"]
[BlackElo "1843"]
[PlyCount "125"]
[GameId "2160767911872639"]
[EventDate "1998.07.25"]
[EventType "swiss"]
[EventRounds "9"]
[EventCountry "CAN"]
[SourceTitle "EXT 2022"]
[Source "ChessBase"]
[SourceDate "2021.10.06"]
[SourceVersion "1"]
[SourceVersionDate "2021.10.06"]
[SourceQuality "1"]

1. e4 e6 2. d4 d5 3. e5 c5 4. c3 Nc6 5. Nf3 Qb6 6. a3 Bd7 7. b4 cxd4 8. cxd4 Rc8 9. Bb2 Nh6 10. Nc3 Be7 11. Na4 Qd8 12. Rc1 O-O 13. Nc5 Bxc5 14. dxc5 a6 15. Bd3 b5 16. Bb1 f6 17. exf6 gxf6 18. Qd2 Ng4 19. h3 Nge5 20. Qh6 Rf7 21. Rc3 Qf8 22. Qh5 Be8 23. Nxe5 Rg7 24. Bxh7+ Rxh7 25. Qg4+ Rg7 26. Qxe6+ Bf7 27. Qxf6 Nxe5 28. Re3 Nc4 29. Qxg7+ Qxg7 30. Bxg7 Nxe3 31. fxe3 Kxg7 32. Rf1 Bg6 33. Rf4 Rc6 34. Kf2 Re6 35. Kf3 Be4+ 36. Kf2 Rc6 37. Kg3 a5 38. Kf2 axb4 39. axb4 Ra6 40. g4 Ra2+ 41. Kg3 Rg2+ 42. Kh4 Re2 43. Kg5 Rxe3 44. h4 d4 45. Rf6 Rc3 46. Re6 Bg2 47. Rd6 d3 48. h5 Be4 49. Rd7+ Kf8 50. Kf6 Ke8 51. Re7+ Kd8 52. Rxe4 Rc4 53. Re3 Rd4 54. h6 d2 55. h7 d1=Q 56. h8=Q+ Kc7 57. Re7+ Rd7 58. Qh2+ Kc8 59. Re8+ Rd8 60. Rxd8+ Qxd8+ 61. Kf5 Qd7+ 62. Kg5 Qe7+ 63. Kf5 1/2-1/2

[Event "Quebec op"]
[Site "Montreal CAN"]
[Date "1998.07.31"]
[Round "8"]
[White "Khassanov, Marat"]
[Black "Nataf, Igor A"]
[Result "1/2-1/2"]
[WhiteElo "2343"]
[BlackElo "2485"]
[PlyCount "54"]
[GameId "2160767911872640"]
[EventDate "1998.07.25"]
[EventType "swiss"]
[EventRounds "9"]
[EventCountry "CAN"]

1. c4 Nf6 2. Nc3 g6 3. g3 Bg7 4. Bg2 O-O 5. e4 e5 6. Nge2 d6 7. O-O c6 8. b3 a6 9. Ba3 b5 10. Rc1 c5 11. Nd5 Nxd5 12. cxd5 a5 13. Bb2 a4 14. f4 Nd7 15. Kh1 Qc7 16. d3 Nf6 17. fxe5 dxe5 18. Qc2 Bg4 19. Ng1 Rfc8 20. a3 Bh6 21. Rce1 Ne8 22. Bh3 Bxh3 23. Nxh3 Nf6 24. Nf2 Ne8 25. Ng4 Bg7 26. Qe2 Ra6 27. Ne3 Nd6 1/2-1/2

[Event "Quebec op"]
[Site "Montreal CAN"]
[Date "1998.07.31"]
[Round "8"]
[White "Matteau, Pierre"]
[Black "Rosen, Matthew"]
[Result "0-1"]
[WhiteElo "1913"]
[BlackElo "1871"]
[PlyCount "66"]
[GameId "2160767911872641"]
[EventDate "1998.07.25"]
[EventType "swiss"]
[EventRounds "9"]
[EventCountry "CAN"]
[SourceTitle "EXT 2022"]
[Source "ChessBase"]
[SourceDate "2021.10.06"]
[SourceVersion "1"]
[SourceVersionDate "2021.10.06"]
[SourceQuality "1"]

1. c4 e5 2. Nc3 Nc6 3. g3 f5 4. Bg2 Nf6 5. d3 Bb4 6. e4 fxe4 7. dxe4 O-O 8. Nge2 d6 9. O-O Bg4 10. h3 Bh5 11. Be3 Bxc3 12. bxc3 Na5 13. Qd3 Bf7 14. f4 Bxc4 15. Qc2 exf4 16. Rxf4 Nh5 17. Rg4 Nc6 18. Nf4 Nf6 19. Rg5 Ne5 20. h4 h6 21. Rf5 g6 22. Rxe5 dxe5 23. Nxg6 Re8 24. Rd1 Qc8 25. Nxe5 Rxe5 26. Bd4 Qe6 27. Bh3 Qe7 28. Qf2 Rf8 29. Re1 Rxe4 30. Rxe4 Qxe4 31. Bxf6 Bd5 32. Qd4 Qe1+ 33. Bf1 Qxg3+ 0-1

[Event "Quebec op"]
[Site "Montreal CAN"]
[Date "1998.07.31"]
[Round "8"]
[White "Michaud, Gerald"]
[Black "Mahabir, Hugh"]
[Result "0-1"]
[WhiteElo "1861"]
[BlackElo "2022"]
[PlyCount "100"]
[GameId "2160767911872642"]
[EventDate "1998.07.25"]
[EventType "swiss"]
[EventRounds "9"]
[EventCountry "CAN"]
[SourceTitle "EXT 2022"]
[Source "ChessBase"]
[SourceDate "2021.10.06"]
[SourceVersion "1"]
[SourceVersionDate "2021.10.06"]
[SourceQuality "1"]

1. d4 Nf6 2. Bf4 c5 3. c3 Qb6 4. Qb3 Qxb3 5. axb3 cxd4 6. Bxb8 Rxb8 7. Rxa7 dxc3 8. bxc3 d5 9. e3 e5 10. Bb5+ Nd7 11. b4 Ke7 12. Nf3 f6 13. O-O Nb6 14. Nbd2 Kd8 15. Rd1 Kc7 16. Ra5 Be6 17. Be2 Be7 18. h3 Ra8 19. Rda1 Rac8 20. Nb3 Nd7 21. Nfd2 Kb8 22. Ra8+ Kc7 23. R8a7 Kb6 24. R7a5 Rxc3 25. Rb5+ Kc7 26. Ra7 Rb8 27. Bf1 Nb6 28. Nc5 Bxc5 29. bxc5 Nd7 30. Nb3 d4 31. Na5 Nxc5 32. exd4 exd4 33. Nc4 Bxc4 34. Rxc5+ Kb6 35. Rca5 Rc1 36. Ra1 Rxa1 37. Rxa1 Bxf1 38. Kxf1 Re8 39. Rc1 Kb5 40. Rc7 b6 41. Rxg7 Kc6 42. Rg3 Kc5 43. Rg7 d3 44. Rd7 Kc4 45. Rc7+ Kb3 46. Rd7 Kc2 47. Rc7+ Kd1 48. g4 Re1+ 49. Kg2 d2 50. Kf3 Re6 0-1

[Event "Quebec op"]
[Site "Montreal CAN"]
[Date "1998.07.31"]
[Round "8"]
[White "Poitras, Luc"]
[Black "Bouchard, Jean-Marc"]
[Result "1-0"]
[WhiteElo "2085"]
[BlackElo "2030"]
[PlyCount "53"]
[GameId "2160767911872643"]
[EventDate "1998.07.25"]
[EventType "swiss"]
[EventRounds "9"]
[EventCountry "CAN"]
[SourceTitle "EXT 2022"]
[Source "ChessBase"]
[SourceDate "2021.10.06"]
[SourceVersion "1"]
[SourceVersionDate "2021.10.06"]
[SourceQuality "1"]

1. e4 e6 2. d4 d5 3. Nc3 Nf6 4. Bg5 Be7 5. e5 Nfd7 6. h4 a6 7. Qg4 f5 8. exf6 Nxf6 9. Qg3 b5 10. Bd3 b4 11. Nce2 c5 12. dxc5 Bxc5 13. h5 Nc6 14. f4 Bd7 15. Nf3 Qb6 16. h6 Bf8 17. Ne5 Nd4 18. O-O-O Nxe2+ 19. Bxe2 Ne4 20. hxg7 Nxg3 21. gxh8=Q Nxe2+ 22. Kb1 Nc3+ 23. Ka1 Qa5 24. bxc3 b3 25. cxb3 Qxc3+ 26. Kb1 Rb8 27. Rd3 1-0

[Event "Quebec op"]
[Site "Montreal CAN"]
[Date "1998.07.31"]
[Round "8"]
[White "Poulin, Maurice"]
[Black "Goldner, John"]
[Result "1-0"]
[WhiteElo "2004"]
[BlackElo "1689"]
[PlyCount "59"]
[GameId "2160767911872644"]
[EventDate "1998.07.25"]
[EventType "swiss"]
[EventRounds "9"]
[EventCountry "CAN"]
[SourceTitle "EXT 2022"]
[Source "ChessBase"]
[SourceDate "2021.10.06"]
[SourceVersion "1"]
[SourceVersionDate "2021.10.06"]
[SourceQuality "1"]

1. e4 c5 2. Nf3 Nc6 3. Nc3 Nf6 4. Bb5 e6 5. Bxc6 bxc6 6. e5 Nd5 7. O-O Be7 8. Ne2 Ba6 9. Re1 O-O 10. b3 f6 11. Bb2 c4 12. bxc4 Bxc4 13. d3 Ba6 14. c4 Nb6 15. Ng3 Rb8 16. Rb1 fxe5 17. Nxe5 Rf4 18. Nh5 Rf5 19. Nxg7 Rg5 20. Nh5 Qe8 21. Ng3 Qf8 22. Ne4 Rg7 23. Re3 Bb7 24. Ng4 Qf4 25. Bxg7 Kxg7 26. Rf3 Qc7 27. Qd2 Qd8 28. Qh6+ Kh8 29. Rf7 Qg8 30. Rxe7 1-0

[Event "Quebec op"]
[Site "Montreal CAN"]
[Date "1998.07.31"]
[Round "8"]
[White "Saint-Onge, Roland"]
[Black "Leimanis, Andris"]
[Result "1/2-1/2"]
[WhiteElo "1582"]
[BlackElo "1669"]
[PlyCount "93"]
[GameId "2160767911872645"]
[EventDate "1998.07.25"]
[EventType "swiss"]
[EventRounds "9"]
[EventCountry "CAN"]

1. e4 d5 2. exd5 Nf6 3. c4 e6 4. dxe6 Bxe6 5. d4 Bb4+ 6. Nc3 Ne4 7. Qd3 Bf5 8. Bd2 O-O 9. Nxe4 Bxe4 10. Qe3 Re8 11. Ne2 Bxg2 12. Bxg2 Rxe3 13. Bxb4 Re6 14. Bxb7 Na6 15. Bc3 Rb8 16. Bf3 Qf6 17. Bg4 Re7 18. Rg1 Nb4 19. d5 Qh4 20. Rg2 g6 21. Kd2 Qg5+ 22. f4 Qh4 23. a3 Na6 24. b4 Rbe8 25. Bd4 f5 26. Bf3 Qh3 27. Ng1 Qh4 28. Ne2 Rxe2+ 29. Bxe2 Qxf4+ 30. Kc3 Qe4 31. Rag1 Kf7 32. Bd3 Qf3 33. Rf2 Qh3 34. Rg3 Qh5 35. Rgf3 Ke7 36. c5 Nb8 37. Re3+ Kf7 38. Be5 Nd7 39. Rfe2 Nxe5 40. Bb5 Rb8 41. Rxe5 Rxb5 42. Re7+ Kf6 43. R2e6+ Kg5 44. Rxc7 Qf3+ 45. Kc4 Qf1+ 46. Kb3 Qd1+ 47. Kc4 1/2-1/2

[Event "Quebec op"]
[Site "Montreal CAN"]
[Date "1998.07.31"]
[Round "8"]
[White "Sarwer, Jeff"]
[Black "Soudre, Nicolas"]
[Result "1-0"]
[WhiteElo "2264"]
[BlackElo "2016"]
[PlyCount "109"]
[GameId "2160767911872646"]
[EventDate "1998.07.25"]
[EventType "swiss"]
[EventRounds "9"]
[EventCountry "CAN"]
[SourceTitle "EXT 2022"]
[Source "ChessBase"]
[SourceDate "2021.10.06"]
[SourceVersion "1"]
[SourceVersionDate "2021.10.06"]
[SourceQuality "1"]

1. d4 e6 2. c4 Nf6 3. Nc3 Bb4 4. Bg5 h6 5. Bh4 O-O 6. e3 b6 7. Nf3 Bb7 8. Bd3 d6 9. O-O Bxc3 10. bxc3 Nbd7 11. Nd2 Re8 12. e4 e5 13. Re1 Nf8 14. f3 Ne6 15. Bf2 Rc8 16. g3 Qd7 17. Bf1 Ng5 18. Be3 Ba6 19. h4 Ngh7 20. Kh2 Ra8 21. Bh3 Qe7 22. Rg1 Bc8 23. Qf1 c5 24. d5 Kh8 25. Bxc8 Raxc8 26. Qh3 g5 27. hxg5 hxg5 28. Bxg5 Ng4+ 29. Qxg4 Qxg5 30. Qxg5 Nxg5 31. Kg2 Kg7 32. Rh1 f6 33. Rh4 Rg8 34. Rg4 Kf7 35. Rh1 Rh8 36. Rxh8 Rxh8 37. f4 Nh7 38. Nf3 Rg8 39. Rxg8 Kxg8 40. Nh4 a6 41. Nf5 Nf8 42. Nxd6 Nd7 43. Kf3 Kf8 44. a4 Ke7 45. Nf5+ Kd8 46. Kg4 Kc7 47. Ne3 a5 48. Kf5 b5 49. cxb5 Nb6 50. fxe5 fxe5 51. g4 Nxa4 52. g5 Nxc3 53. g6 Nxb5 54. g7 Nd6+ 55. Ke6 1-0

[Event "Quebec op"]
[Site "Montreal CAN"]
[Date "1998.07.31"]
[Round "8"]
[White "Seguin, Rene"]
[Black "Leriche, Felix"]
[Result "0-1"]
[WhiteElo "1938"]
[BlackElo "2216"]
[PlyCount "63"]
[GameId "2160767911872647"]
[EventDate "1998.07.25"]
[EventType "swiss"]
[EventRounds "9"]
[EventCountry "CAN"]
[SourceTitle "EXT 2022"]
[Source "ChessBase"]
[SourceDate "2021.10.06"]
[SourceVersion "1"]
[SourceVersionDate "2021.10.06"]
[SourceQuality "1"]

1. e4 c6 2. d4 d5 3. Nd2 dxe4 4. Nxe4 Bf5 5. Ng3 Bg6 6. Nf3 Nd7 7. h4 h6 8. h5 Bh7 9. Bd3 Bxd3 10. Qxd3 Ngf6 11. Bd2 e6 12. O-O-O Qc7 13. Ne4 O-O-O 14. g3 Nc5 15. Nxc5 Bxc5 16. c4 Bd6 17. Qe2 c5 18. dxc5 Qxc5 19. Bc3 a6 20. Ne5 Qc7 21. f4 Kb8 22. Rxd6 Rxd6 23. Nxf7 Qxf7 24. Be5 Qc7 25. Rd1 Rhd8 26. Rxd6 Rxd6 27. b4 Nd7 28. Bxg7 Rc6 29. c5 Nxc5 30. Be5 Nd3+ 31. Kd2 Nxe5 32. Qxe5 0-1

[Event "Quebec op"]
[Site "Montreal CAN"]
[Date "1998.07.31"]
[Round "8"]
[White "Wenaas, Eric"]
[Black "Desjardins, Andre"]
[Result "1/2-1/2"]
[WhiteElo "2144"]
[BlackElo "2004"]
[PlyCount "117"]
[GameId "2160767911872649"]
[EventDate "1998.07.25"]
[EventType "swiss"]
[EventRounds "9"]
[EventCountry "CAN"]
[SourceTitle "EXT 2022"]
[Source "ChessBase"]
[SourceDate "2021.10.06"]
[SourceVersion "1"]
[SourceVersionDate "2021.10.06"]
[SourceQuality "1"]

1. c4 Nf6 2. Nc3 g6 3. Nf3 Bg7 4. g3 O-O 5. Bg2 d6 6. O-O e5 7. d3 Nbd7 8. Rb1 a5 9. a3 Nc5 10. b4 axb4 11. axb4 Ne6 12. e3 c6 13. Bb2 h6 14. Ra1 Bd7 15. Rxa8 Qxa8 16. Qb3 Qb8 17. Ra1 Re8 18. Qa3 Nc7 19. Qa7 Na6 20. Qxb8 Rxb8 21. b5 Nc5 22. Ne1 cxb5 23. Nxb5 Ne8 24. Ra7 Bc6 25. Ba3 Bf8 26. Bxc5 Bxb5 27. Bxd6 Nxd6 28. cxb5 Nxb5 29. Rxb7 Rxb7 30. Bxb7 Bc5 31. Kf1 Kf8 32. Nf3 f6 33. Be4 g5 34. h4 Ke7 35. g4 Bb4 36. h5 Kd6 37. Ng1 Nc3 38. Bh7 Ke7 39. Bg8 Nb5 40. Ne2 Nd6 41. Bh7 Nb5 42. Kg2 Ke6 43. Kf3 Be1 44. Ng3 Nd6 45. Bg8+ Kd7 46. d4 exd4 47. exd4 Ke7 48. Bb3 Bb4 49. Ke2 Bc3 50. Kd3 Be1 51. Ne4 Nxe4 52. Kxe4 Bxf2 53. d5 Bg3 54. Kf5 Bd6 55. Kg6 Bf4 56. Kxh6 f5 57. Kg6 fxg4 58. Bd1 Kd6 59. Bxg4 1/2-1/2

[Event "Quebec op"]
[Site "Montreal CAN"]
[Date "1998.08.01"]
[Round "8"]
[White "Elfert, Aleksandr"]
[Black "Oratovsky, Michael"]
[Result "0-1"]
[WhiteElo "2140"]
[BlackElo "2465"]
[PlyCount "52"]
[GameId "2160767911872651"]
[EventDate "1998.07.25"]
[EventType "swiss"]
[EventRounds "9"]
[EventCountry "CAN"]
[SourceTitle "EXT 1999"]
[Source "ChessBase"]
[SourceDate "1998.11.10"]
[SourceVersion "1"]
[SourceVersionDate "1998.11.10"]
[SourceQuality "1"]

1. c4 e5 2. b3 c5 3. Bb2 Nc6 4. Nc3 Nf6 5. d3 d5 6. cxd5 Nxd5 7. Nf3 Be6 8. Qd2 f6 9. g3 Be7 10. Bg2 O-O 11. h4 Nd4 12. Rc1 Nxc3 13. Bxc3 Bd5 14. Bxd4 exd4 15. O-O Qd7 16. Kh2 Rae8 17. Rfe1 Bd6 18. Bh3 f5 19. Kg1 b6 20. h5 Qf7 21. h6 f4 22. hxg7 Qxg7 23. g4 Rf6 24. g5 Rh6 25. Bg4 Qxg5 26. Nh2 Qxg4+ 0-1

[Event "Quebec op"]
[Site "Montreal CAN"]
[Date "1998.08.01"]
[Round "8"]
[White "Gaspariants, Garry"]
[Black "Tyomkin, Dimitri"]
[Result "0-1"]
[WhiteElo "2230"]
[BlackElo "2440"]
[PlyCount "122"]
[GameId "2160767911872652"]
[EventDate "1998.07.25"]
[EventType "swiss"]
[EventRounds "9"]
[EventCountry "CAN"]
[SourceTitle "EXT 1999"]
[Source "ChessBase"]
[SourceDate "1998.11.10"]
[SourceVersion "1"]
[SourceVersionDate "1998.11.10"]
[SourceQuality "1"]

1. d4 d5 2. Nf3 c6 3. c4 e6 4. cxd5 exd5 5. Nc3 Bf5 6. Bg5 Qb6 7. Na4 Qa5+ 8. Bd2 Qc7 9. g3 Bd6 10. Bg2 Nf6 11. O-O Ne4 12. Rc1 Qe7 13. Nh4 Bc8 14. f4 Na6 15. f5 Bd7 16. Nc3 Nc7 17. Bf4 Bxf4 18. Rxf4 Nf6 19. e4 dxe4 20. Nxe4 O-O 21. Qb3 Ncd5 22. Nxf6+ Nxf6 23. Rff1 Qd6 24. Rcd1 a5 25. Qc3 b6 26. Qb3 Rab8 27. Rfe1 a4 28. Qa3 Qxa3 29. bxa3 Rfe8 30. h3 h5 31. Kf2 Kf8 32. Re5 Red8 33. Rb1 b5 34. Rc1 Be8 35. Rd1 Rb6 36. Rc5 Rd6 37. Ke3 Rb7 38. Rd2 Re7+ 39. Re5 Rc7 40. Rc5 Nd7 41. Rc1 Nb6 42. Bf1 Re7+ 43. Kf2 g5 44. fxg6 fxg6 45. Nf3 Rf6 46. Kg2 Re3 47. Ng5 Rf5 48. h4 Rxa3 49. Bd3 Rd5 50. Rf1+ Ke7 51. Re1+ Kd8 52. Ne6+ Kc8 53. Nf8 Rd8 54. Nxg6 Bf7 55. Bb1 Kb8 56. Ne7 Rd6 57. Re5 Nd5 58. Rf2 Be6 59. Rf8+ Kb7 60. Ng6 Ne3+ 61. Kg1 Ng4 0-1

[Event "Quebec op"]
[Site "Montreal CAN"]
[Date "1998.08.01"]
[Round "8"]
[White "Hua, Lefong"]
[Black "Gladu, Pierre"]
[Result "1-0"]
[WhiteElo "2250"]
[BlackElo "2240"]
[PlyCount "69"]
[GameId "2160767911872654"]
[EventDate "1998.07.25"]
[EventType "swiss"]
[EventRounds "9"]
[EventCountry "CAN"]
[SourceTitle "EXT 1999"]
[Source "ChessBase"]
[SourceDate "1998.11.10"]
[SourceVersion "1"]
[SourceVersionDate "1998.11.10"]
[SourceQuality "1"]

1. c4 g6 2. Nc3 Bg7 3. d4 Nf6 4. e4 d6 5. f4 O-O 6. Nf3 c5 7. d5 e6 8. Be2 exd5 9. cxd5 b5 10. e5 dxe5 11. fxe5 Ng4 12. Bg5 f6 13. exf6 Bxf6 14. Bxf6 Qxf6 15. Qd2 b4 16. Nb5 Qb6 17. d6 a6 18. Nc7 Ra7 19. h3 Nf6 20. Bc4+ Kg7 21. Ng5 Rxc7 22. dxc7 Qxc7 23. O-O-O Nc6 24. Qd6 Qxd6 25. Rxd6 Ne5 26. Bxa6 h6 27. Ne6+ Bxe6 28. Rxe6 Ra8 29. Rf1 Ned7 30. Bc4 Rb8 31. Re7+ Kh8 32. Be6 Rf8 33. Bxd7 Nxd7 34. Rxf8+ Nxf8 35. Kd2 1-0

[Event "Quebec op"]
[Site "Montreal CAN"]
[Date "1998.08.01"]
[Round "8"]
[White "Kosic, Dragan"]
[Black "Acosta, Mariano"]
[Result "1-0"]
[WhiteElo "2500"]
[BlackElo "2070"]
[PlyCount "99"]
[GameId "2160767911872655"]
[EventDate "1998.07.25"]
[EventType "swiss"]
[EventRounds "9"]
[EventCountry "CAN"]
[SourceTitle "EXT 1999"]
[Source "ChessBase"]
[SourceDate "1998.11.10"]
[SourceVersion "1"]
[SourceVersionDate "1998.11.10"]
[SourceQuality "1"]

1. Nf3 d6 2. d4 Nf6 3. g3 g6 4. b3 Bg7 5. Bb2 O-O 6. Bg2 Nbd7 7. O-O e5 8. dxe5 Ng4 9. Qd2 Ndxe5 10. c4 Nxf3+ 11. Bxf3 Bxb2 12. Qxb2 Qf6 13. Nc3 Qg7 14. Qd2 Ne5 15. Bg2 f5 16. Rad1 Rb8 17. Qd4 a6 18. Nd5 Be6 19. c5 dxc5 20. Qxc5 Bxd5 21. Rxd5 Ng4 22. Rfd1 Nf6 23. R5d4 Rfe8 24. e3 c6 25. Rd6 Qe7 26. Qd4 Kg7 27. h3 Qe5 28. Qb6 Rf8 29. Qc7+ Kh8 30. Rxc6 Qe8 31. Rcd6 Rf7 32. Qxb8 Qxb8 33. Rd8+ Qxd8 34. Rxd8+ Kg7 35. Rb8 b5 36. Ra8 Rc7 37. Bf3 g5 38. Rxa6 g4 39. hxg4 fxg4 40. Bc6 b4 41. Rb6 Rc8 42. e4 h5 43. e5 Nh7 44. Be4 Nf8 45. Rxb4 Rc1+ 46. Kg2 Ne6 47. Rb7+ Kf8 48. Bg6 h4 49. Rf7+ Kg8 50. gxh4 1-0

[Event "Quebec op"]
[Site "Montreal CAN"]
[Date "1998.08.01"]
[Round "8"]
[White "Linskiy, Oleg"]
[Black "Leveille, Francois"]
[Result "1-0"]
[WhiteElo "2375"]
[BlackElo "2295"]
[PlyCount "53"]
[GameId "2160767911872657"]
[EventDate "1998.07.25"]
[EventType "swiss"]
[EventRounds "9"]
[EventCountry "CAN"]
[SourceTitle "EXT 1999"]
[Source "ChessBase"]
[SourceDate "1998.11.10"]
[SourceVersion "1"]
[SourceVersionDate "1998.11.10"]
[SourceQuality "1"]

1. b3 e5 2. Bb2 d6 3. g3 g6 4. Bg2 Bg7 5. c4 Nc6 6. Nc3 Nh6 7. e3 O-O 8. Nge2 f5 9. d3 a6 10. O-O f4 11. exf4 exf4 12. Nxf4 Rxf4 13. gxf4 Qh4 14. Qf3 Nd4 15. Qg3 Qd8 16. Rae1 Ndf5 17. Qg5 Qf8 18. Ba1 c6 19. Ne4 Nd4 20. Nxd6 Qxd6 21. Bxd4 Bxd4 22. Qxh6 Bf5 23. Be4 Rf8 24. Bxf5 Rxf5 25. Qh4 Rxf4 26. Re8+ Kf7 27. Qd8 1-0

[Event "Quebec op"]
[Site "Montreal CAN"]
[Date "1998.08.01"]
[Round "8"]
[White "Wolrich, Charles"]
[Black "Archangelsky, Mikhail"]
[Result "1-0"]
[WhiteElo "2140"]
[BlackElo "2275"]
[PlyCount "101"]
[GameId "2160767911872660"]
[EventDate "1998.07.25"]
[EventType "swiss"]
[EventRounds "9"]
[EventCountry "CAN"]
[SourceTitle "EXT 1999"]
[Source "ChessBase"]
[SourceDate "1998.11.10"]
[SourceVersion "1"]
[SourceVersionDate "1998.11.10"]
[SourceQuality "1"]

1. d4 g6 2. c4 Bg7 3. Nc3 c5 4. Nf3 cxd4 5. Nxd4 Nc6 6. e3 Nf6 7. Be2 O-O 8. Bf3 Ne5 9. Be2 d5 10. cxd5 Nxd5 11. Nxd5 Qxd5 12. O-O Rd8 13. Bd2 b6 14. Qb3 Bb7 15. Qxd5 Bxd5 16. Bc3 Rac8 17. Rfd1 Nc4 18. Rac1 Bh6 19. Nc2 f6 20. Nb4 Bf7 21. Rxd8+ Rxd8 22. Rd1 Rxd1+ 23. Bxd1 a5 24. Nc6 e5 25. b4 axb4 26. Bxb4 Bf8 27. Kf1 Bxb4 28. Nxb4 Kf8 29. Ke2 Ke7 30. Bb3 Kd6 31. Kd3 Nb2+ 32. Kc2 Nc4 33. Kc3 b5 34. a4 Kc5 35. Nd3+ Kb6 36. Kb4 Be8 37. Bxc4 bxc4 38. a5+ Ka6 39. Nc5+ Ka7 40. Kxc4 Bc6 41. g3 g5 42. f4 exf4 43. exf4 gxf4 44. gxf4 h6 45. Kd4 Kb8 46. Ne4 Ka7 47. Nxf6 Ka6 48. Ng4 h5 49. Ne5 Be8 50. f5 Kxa5 51. f6 1-0

[Event "Quebec op"]
[Site "Montreal CAN"]
[Date "1998.08.01"]
[Round "9"]
[White "Abreu Cordero, Jose"]
[Black "Fillion, Steve"]
[Result "1-0"]
[WhiteElo "1985"]
[BlackElo "2143"]
[PlyCount "79"]
[GameId "2160767911872661"]
[EventDate "1998.07.25"]
[EventType "swiss"]
[EventRounds "9"]
[EventCountry "CAN"]
[SourceTitle "EXT 2022"]
[Source "ChessBase"]
[SourceDate "2021.10.06"]
[SourceVersion "1"]
[SourceVersionDate "2021.10.06"]
[SourceQuality "1"]

1. c4 e6 2. d4 d5 3. cxd5 exd5 4. Nf3 Nf6 5. Bg5 Be7 6. e3 O-O 7. Bd3 Nbd7 8. O-O c5 9. Nc3 h6 10. Bh4 Re8 11. Rc1 b6 12. h3 Bb7 13. dxc5 bxc5 14. Bb5 d4 15. exd4 Bxf3 16. Qxf3 cxd4 17. Bxf6 Bxf6 18. Ne4 Be7 19. Qf5 Nf6 20. Bxe8 Qxe8 21. Nxf6+ Bxf6 22. Rfe1 Qd8 23. Rc5 g6 24. Qe4 Kg7 25. Rec1 Rb8 26. b3 a5 27. Rd5 Qb6 28. Rd7 Rd8 29. Qd5 Rxd7 30. Qxd7 Be5 31. g3 Qb4 32. Qd5 Qb8 33. Kg2 h5 34. Rc5 Bf6 35. Rb5 Qe8 36. Rxa5 h4 37. g4 Qb8 38. g5 Be7 39. Qe5+ Qxe5 40. Rxe5 1-0

[Event "Quebec op"]
[Site "Montreal CAN"]
[Date "1998.08.01"]
[Round "9"]
[White "Archangelsky, Mikhail"]
[Black "Gladu, Pierre"]
[Result "1-0"]
[WhiteElo "2360"]
[BlackElo "2136"]
[PlyCount "91"]
[GameId "2160767911872663"]
[EventDate "1998.07.25"]
[EventType "swiss"]
[EventRounds "9"]
[EventCountry "CAN"]
[SourceTitle "EXT 2022"]
[Source "ChessBase"]
[SourceDate "2021.10.06"]
[SourceVersion "1"]
[SourceVersionDate "2021.10.06"]
[SourceQuality "1"]

1. d4 Nf6 2. c4 g6 3. Nc3 Bg7 4. e4 d6 5. f3 O-O 6. Bg5 c5 7. d5 e6 8. Qd2 exd5 9. Nxd5 Be6 10. Ne2 Bxd5 11. cxd5 b5 12. Rc1 Nbd7 13. b3 Re8 14. Nc3 b4 15. Nd1 h6 16. Be3 Ne5 17. Bb5 Rf8 18. O-O g5 19. Be2 a5 20. Bf2 a4 21. Ne3 axb3 22. axb3 Ra3 23. Qd1 Kh7 24. Nf5 Bh8 25. h4 Nh5 26. hxg5 hxg5 27. g3 Ng7 28. Ne3 Qf6 29. Ng2 Qh6 30. f4 gxf4 31. gxf4 Ng6 32. Be3 f5 33. Kf2 Nxf4 34. Bxf4 Qg6 35. Rh1+ Kg8 36. Rh6 Qe8 37. Bxd6 fxe4+ 38. Bxf8 Qxf8+ 39. Kg1 Nf5 40. Rg6+ Kh7 41. Rg5 Bd4+ 42. Kh2 Qd6+ 43. Kh3 Qxd5 44. Bc4 Qd7 45. Qh5+ Nh6+ 46. Kh2 1-0

[Event "Quebec op"]
[Site "Montreal CAN"]
[Date "1998.08.01"]
[Round "9"]
[White "Beaulieu, Eric"]
[Black "Gaspariants, Garry"]
[Result "1/2-1/2"]
[WhiteElo "2043"]
[BlackElo "2230"]
[PlyCount "113"]
[GameId "2160767911872664"]
[EventDate "1998.07.25"]
[EventType "swiss"]
[EventRounds "9"]
[EventCountry "CAN"]

1. d4 d5 2. c4 e6 3. Nc3 Be7 4. Nf3 Nf6 5. Bg5 h6 6. Bh4 O-O 7. e3 b6 8. cxd5 Nxd5 9. Nxd5 exd5 10. Bxe7 Qxe7 11. Rc1 Be6 12. Qa4 c5 13. dxc5 bxc5 14. Qa3 Rc8 15. Be2 a5 16. O-O Na6 17. Bxa6 Rxa6 18. Rc3 Kf8 19. Rfc1 c4 20. Qxe7+ Kxe7 21. b3 Raa8 22. bxc4 Rxc4 23. Rxc4 dxc4 24. Nd4 Rc8 25. Kf1 Kd6 26. Ke1 Bd5 27. f3 Rb8 28. e4 Ke5 29. Ne2 Be6 30. Kd2 Rb2+ 31. Rc2 Rb1 32. f4+ Kd6 33. f5 Bc8 34. Rxc4 Ba6 35. Rc2 Bxe2 36. Kxe2 Ke5 37. Kd3 Rd1+ 38. Kc4 Kxe4 39. Kb5 Rd5+ 40. Kc4 Rd8 41. Kb5 Rd5+ 42. Rc5 Rd2 43. a4 Rxg2 44. Kxa5 Rxh2 45. Kb6 g5 46. a5 Ra2 47. a6 Rxa6+ 48. Kxa6 g4 49. Rc7 f6 50. Rh7 g3 51. Rxh6 Kxf5 52. Rh5+ Kg4 53. Rh6 f5 54. Kb5 g2 55. Kc4 Kf3 56. Rg6 Kf2 57. Kd4 1/2-1/2

[Event "Quebec op"]
[Site "Montreal CAN"]
[Date "1998.08.01"]
[Round "9"]
[White "Frappier, Clement"]
[Black "Poulin, Maurice"]
[Result "1-0"]
[WhiteElo "1867"]
[BlackElo "2004"]
[PlyCount "57"]
[GameId "2160767911872665"]
[EventDate "1998.07.25"]
[EventType "swiss"]
[EventRounds "9"]
[EventCountry "CAN"]
[SourceTitle "EXT 2022"]
[Source "ChessBase"]
[SourceDate "2021.10.06"]
[SourceVersion "1"]
[SourceVersionDate "2021.10.06"]
[SourceQuality "1"]

1. d4 g6 2. c4 Bg7 3. Nc3 d6 4. e4 Nc6 5. Nf3 Bg4 6. Be3 e5 7. d5 Bxf3 8. gxf3 Nce7 9. Bg2 Nf6 10. Qa4+ Nd7 11. O-O-O O-O 12. h4 Nf6 13. Qc2 Nh5 14. Rdg1 c6 15. Kb1 cxd5 16. cxd5 Qa5 17. Qb3 Rac8 18. Nb5 Rfd8 19. Bh3 Rc5 20. Bxc5 dxc5 21. Rc1 b6 22. Rhd1 Nf4 23. Bf1 Bf6 24. Rc4 Qa6 25. Ra4 Qc8 26. Rxa7 Rf8 27. Qa4 Bxh4 28. d6 Nc6 29. Rc7 1-0